| 000 | 00666 a2200193 4500 | ||
|---|---|---|---|
| 001 | 126053 | ||
| 020 | _a9788535610376 | ||
| 040 | _cEscola Canadense de Niteroi | ||
| 090 | _aCUN - V/Z | ||
| 100 | _aCunha, Leo | ||
| 245 | 1 | 0 | _aXxii!!: 22 Brincadeiras de linhas e letras |
| 250 | _a2.ed. | ||
| 260 | _aSão Paulo | ||
| 300 |
_a32 p. _bil. _c6 x 16.26 x 1.02 cm |
||
| 362 | 0 | _a2005 | |
| 520 | _aEste livro-brinquedo é uma farra de letras, linhas, formas e cores. Em meio a trocadilhos inteligentes e poesia concreta, a cada página o leitor encontra uma brincadeira, um sorriso, uma descoberta. | ||
| 650 | 4 | _aPoesias, Poemas, Versos ou Teatro | |
| 942 | _cBK | ||
| 999 |
_c126053 _d126053 |
||